Statistiques concernant liste des porteurs de maillots distinctifs du tour de France 2023

Cliquez ici pour prendre le quiz!

Statistiques générales

  • Ce quiz a été pris 75 fois
  • Le résultat moyen est 72 sur 80

Statistiques - réponses

étapecoureur% Correct
14Jonas Vingegaard
100%
12Jonas Vingegaard
100%
19Jonas Vingegaard
100%
18Jonas Vingegaard
100%
17Jonas Vingegaard
100%
16Jonas Vingegaard
100%
15Jonas Vingegaard
100%
13Jonas Vingegaard
100%
11Jonas Vingegaard
100%
21Jonas Vingegaard
100%
10Jonas Vingegaard
100%
9Jonas Vingegaard
100%
8Jonas Vingegaard
100%
7Jonas Vingegaard
100%
20Jonas Vingegaard
100%
5Tadej Pogacar
98%
6Tadej Pogacar
98%
7Tadej Pogacar
98%
8Tadej Pogacar
98%
21Tadej Pogacar
98%
10Tadej Pogacar
98%
4Tadej Pogacar
98%
3Tadej Pogacar
98%
2Tadej Pogacar
98%
9Tadej Pogacar
98%
11Tadej Pogacar
98%
19Tadej Pogacar
98%
12Tadej Pogacar
98%
13Tadej Pogacar
98%
14Tadej Pogacar
98%
15Tadej Pogacar
98%
16Tadej Pogacar
98%
17Tadej Pogacar
98%
18Tadej Pogacar
98%
20Tadej Pogacar
98%
8Jasper Philipsen
91%
9Jasper Philipsen
91%
14Jasper Philipsen
91%
10Jasper Philipsen
91%
11Jasper Philipsen
91%
12Jasper Philipsen
91%
6Jasper Philipsen
91%
7Jasper Philipsen
91%
18Jasper Philipsen
91%
5Jasper Philipsen
91%
15Jasper Philipsen
91%
16Jasper Philipsen
91%
17Jasper Philipsen
91%
19Jasper Philipsen
91%
20Jasper Philipsen
91%
21Jasper Philipsen
91%
13Jasper Philipsen
91%
2Adam Yates
89%
3Adam Yates
89%
4Adam Yates
89%
5Adam Yates
89%
2Simon Yates
88%
21Giulio Ciccone
85%
20Giulio Ciccone
85%
19Giulio Ciccone
85%
18Giulio Ciccone
85%
17Giulio Ciccone
85%
16Giulio Ciccone
85%
6Jai Hindley
77%
7Neilson Powless
76%
2Neilson Powless
76%
3Neilson Powless
76%
4Neilson Powless
76%
5Neilson Powless
76%
11Neilson Powless
76%
8Neilson Powless
76%
9Neilson Powless
76%
10Neilson Powless
76%
12Neilson Powless
76%
13Neilson Powless
76%
14Neilson Powless
76%
15Neilson Powless
76%
3Victor Lafay
74%
4Victor Lafay
74%
6Felix Gall
55%

Distribution des résultats

Percentile par nombre de réponses

% des personnes avec chaque résultat

Votre développement - résultats

Vous n’avez pas pris ce quiz